Statistiques concernant Meilleurs passeurs décisifs en ligue des champions

Cliquez ici pour prendre le quiz!

Statistiques générales

  • Ce quiz a été pris 273 fois
  • Le résultat moyen est 30 sur 67

Statistiques - réponses

HintRéponse% Correct
38Messi
100%
36Ronaldo
99%
32Neymar
93%
26Benzema
88%
22Mbappé
85%
26Müller
82%
20Xavi
82%
21Iniesta
81%
16Modric
80%
20De Bruyne
78%
21Suarez
78%
36Di maria
75%
20Lewandowski
73%
19Kroos
72%
17Bale
68%
12Salah
68%
21Ibrahimovic
64%
22Ribéry
63%
23Özil
62%
14Robben
61%
22Marcelo
57%
11Lahm
54%
10Silva
53%
11Silva
53%
10Pogba
51%
15Rooney
51%
11Kaka
50%
15Sané
49%
13Reus
47%
12Firmino
46%
13Lampard
46%
22Alves
44%
15Kimmich
44%
14Alba
42%
16Carvajal
42%
10Dembélé
41%
11Hazard
41%
16Mahrez
40%
13Giggs
38%
11Vinicius
34%
10Rakitic
33%
15Coman
32%
16Sterling
32%
10Torres
32%
11Isco
29%
16Sanchez
28%
18Fabregas
27%
11Higuain
26%
15Costa
24%
10Fernandes
22%
14Gotze
20%
14Alaba
19%
11Koke
19%
10Cancelo
18%
12Sneijder
18%
11Alexander arnold
17%
13Tadic
17%
12Cuadrado
16%
16Milner
15%
13Schweinsteiger
14%
11Dzeko
13%
12Mata
13%
12Willian
13%
11Alcantara
11%
13Eriksen
8%
12Pjanic
8%
10Hulk
5%

Distribution des résultats

Percentile par nombre de réponses

% des personnes avec chaque résultat

Votre développement - résultats

Vous n’avez pas pris ce quiz